00683nam a2200277Ia 4500001001400000003000900014005001700023008004100040020001500081040002300096050001700119100002400136245002400160250001900184260004400203300002100247650002300268650002100291650001100312651001800323887001600341888000900357942001500366945000700381999001700388AUWbook002269BDCtgAUW20260406155150.0220908s9999 xx 000 0 eng d a9993364738 aBDCtgAUWcBDCtgAUW aHQ1735.9.R391 aRayamajhi, Sangita. 0aCan a woman rebel?. aFirst edition. aKathmandu :bAcross Publication,c2003. axii, 198 pages. 0aSocial conditions. 0aSocial Sciences. 0aWomen. 0aNepal.979522 a BRAC22982 22982 cBK022lcc cBK c17876d17876